<?xml version="1.0" encoding="UTF-8"?><?xml-stylesheet type="text/xsl" href="static/style.xsl"?><OAI-PMH xmlns="http://www.openarchives.org/OAI/2.0/" xmlns:xsi="http://www.w3.org/2001/XMLSchema-instance" xsi:schemaLocation="http://www.openarchives.org/OAI/2.0/ http://www.openarchives.org/OAI/2.0/OAI-PMH.xsd"><responseDate>2026-04-17T17:06:25Z</responseDate><request verb="GetRecord" identifier="oai:www.recercat.cat:2445/217486" metadataPrefix="marc">https://recercat.cat/oai/request</request><GetRecord><record><header><identifier>oai:recercat.cat:2445/217486</identifier><datestamp>2025-12-04T21:02:40Z</datestamp><setSpec>com_2072_1057</setSpec><setSpec>col_2072_478818</setSpec><setSpec>col_2072_478917</setSpec></header><metadata><record xmlns="http://www.loc.gov/MARC21/slim" xmlns:dcterms="http://purl.org/dc/terms/" xmlns:xsi="http://www.w3.org/2001/XMLSchema-instance" xmlns:doc="http://www.lyncode.com/xoai" xsi:schemaLocation="http://www.loc.gov/MARC21/slim http://www.loc.gov/standards/marcxml/schema/MARC21slim.xsd">
   <leader>00925njm 22002777a 4500</leader>
   <datafield ind2=" " ind1=" " tag="042">
      <subfield code="a">dc</subfield>
   </datafield>
   <datafield ind2=" " ind1=" " tag="720">
      <subfield code="a">Andrieu, Morgane</subfield>
      <subfield code="e">author</subfield>
   </datafield>
   <datafield ind2=" " ind1=" " tag="720">
      <subfield code="a">Florent, Guillaume</subfield>
      <subfield code="e">author</subfield>
   </datafield>
   <datafield ind2=" " ind1=" " tag="720">
      <subfield code="a">Moncunill Martí, Noemí</subfield>
      <subfield code="e">author</subfield>
   </datafield>
   <datafield ind2=" " ind1=" " tag="720">
      <subfield code="a">Ruiz Darasse, Coline</subfield>
      <subfield code="e">author</subfield>
   </datafield>
   <datafield ind2=" " ind1=" " tag="260">
      <subfield code="c">2025-01-14T17:20:25Z</subfield>
   </datafield>
   <datafield ind2=" " ind1=" " tag="260">
      <subfield code="c">2023-10-01</subfield>
   </datafield>
   <datafield ind2=" " ind1=" " tag="260">
      <subfield code="c">2025-01-14T17:20:26Z</subfield>
   </datafield>
   <datafield ind2=" " ind1=" " tag="260">
      <subfield code="c">info:eu-repo/date/embargoEnd/2099-01-01</subfield>
   </datafield>
   <datafield ind2=" " ind1=" " tag="520">
      <subfield code="a">Un nouvel examen de la céramique découverte en 1962 à Limoges, au cours de la fouille du site de la rue Vigne de fer a conduit à l’identification d’un graffite ibérique. Il correspond à un nom celtique retranscrit avec des signes empruntés à l’écriture ibérique nord-orientale. Le support de l’inscription est un bol en &lt;em>terra nigra&lt;/em> de production locale daté du I&lt;sup>er&lt;/sup> siècle ap. J.-C. Ce graffite est exceptionnel à plus d'un titre. Non seulement du fait de sa situation géographique, excentrée par rapport à l'aire de diffusion des inscriptions ibériques, mais aussi par sa datation, car il est gravé à un moment où les inscriptions paléohispaniques sont devenues très rares. Pour l’instant, les lacunes de la documentation recueillie à &lt;em>Augustoritum&lt;/em> et plus largement en Aquitaine ne permettent pas d’expliquer les motifs d’une telle présence. Néanmoins et malgré son caractère isolé, ce graffite constitue une preuve de la fréquentation des lieux au début du Haut-Empire par une personne &lt;span style="color:rgb( 34 , 34 , 34 )">allochtone au nom celtique mais dont &lt;/span>la culture écrite est ibérique.</subfield>
   </datafield>
   <datafield tag="653" ind2=" " ind1=" ">
      <subfield code="a">Ceràmica ibèrica</subfield>
   </datafield>
   <datafield tag="653" ind2=" " ind1=" ">
      <subfield code="a">Inscripcions ibèriques</subfield>
   </datafield>
   <datafield tag="653" ind2=" " ind1=" ">
      <subfield code="a">Iberian pottery</subfield>
   </datafield>
   <datafield tag="653" ind2=" " ind1=" ">
      <subfield code="a">Iberian inscriptions</subfield>
   </datafield>
   <datafield ind2="0" ind1="0" tag="245">
      <subfield code="a">Un graffite ibérique à Limoges</subfield>
   </datafield>
</record></metadata></record></GetRecord></OAI-PMH>